[Event "ICS rated blitz match"]
[Site "204.178.125.65"]
[Date "2000.03.17"]
[Round "?"]
[White "Tinker"]
[Black "Hossa"]
[Result "1/2-1/2"]
[WhiteElo "2447"]
[BlackElo "2468"]
[PlyCount "118"]

1. e4 c5 2. Nf3 d6 3. d4 cxd4 4. Nxd4 Nf6 5. Nd2 Nc6 6. Bb5 Bd7 7. Nxc6 bxc6 8.
Bd3 e5 9. Qe2 Be7 10. O-O O-O 11. Nf3 Bg4 12. h3 Bh5 13. Rd1 Qc7 14. g4 Bg6 15.
g5 Nd7 16. Nh4 Nb6 17. Nxg6 fxg6 18. Qg4 Rf7 19. Be3 Raf8 20. Be2 d5 21. Rf1 d4
22. Bd2 c5 23. Qg2 Bd6 24. a4 c4 25. a5 Nd7 26. Ra4 c3 27. bxc3 Nc5 28. Rb4 Ne6
29. Rc4 Qxa5 30. Rc6 Qd8 31. Bc4 Qd7 32. Bxe6 Qxc6 33. Bd5 Qc7 34. Qg3 Qb8 35.
cxd4 exd4 36. f4 Bc5 37. Qd3 Kh8 38. Bxf7 Rxf7 39. Kh2 Rb7 40. Qc4 Qf8 41. Ra1
Rf7 42. Kg3 Kg8 43. Rb1 Bb6 44. Qe6 Qd8 45. Rb5 Qc7 46. Qb3 Qe7 47. Re5 Qd7 48.
Bb4 Kh8 49. Qe6 h6 50. Qxd7 Rxd7 51. gxh6 gxh6 52. Re6 d3 53. cxd3 Rxd3+ 54.
Kg4 Kh7 55. Re7+ Kh8 56. Re8+ Kh7 57. Re7+ Kh8 58. Re8+ Kh7 59. Re7+ Kh8
1/2-1/2

[Event "ICS rated blitz match"]
[Site "204.178.125.65"]
[Date "2000.03.17"]
[Round "?"]
[White "Amateur"]
[Black "Hossa"]
[Result "1/2-1/2"]
[WhiteElo "2552"]
[BlackElo "2467"]
[PlyCount "228"]

1. e4 e5 2. Nf3 Nc6 3. Bb5 a6 4. Ba4 Nf6 5. O-O Be7 6. Bxc6 dxc6 7. Nc3 Bg4 8.
Qe2 O-O 9. Nd1 Nh5 10. d3 f5 11. exf5 Rxf5 12. Qe4 Nf6 13. Qc4+ Qd5 14. Ne3
Qxc4 15. dxc4 Rh5 16. Nxg4 Nxg4 17. h3 Nf6 18. g4 Rxh3 19. Kg2 Rxf3 20. Kxf3
Rf8 21. Bd2 e4+ 22. Kg3 Bd6+ 23. Kh4 Nd7 24. Bg5 Ne5 25. Be3 Nxc4 26. Bg5 Ne5
27. Be3 Be7+ 28. g5 Nf3+ 29. Kg3 Rf5 30. Rfd1 Bxg5 31. Bxg5 Rxg5+ 32. Kf4 Rg2
33. Kxe4 Ng5+ 34. Ke3 Ne6 35. Rd7 Rg5 36. Rad1 h5 37. Kf3 Rf5+ 38. Kg3 g5 39.
Re7 h4+ 40. Kg4 Rf4+ 41. Kh5 Re4 42. Rd8+ Nxd8 43. Rxe4 Nf7 44. Kg4 a5 45. f4
Nd6 46. Re7 gxf4 47. Rxc7 Nc4 48. Rxb7 h3 49. Kxh3 Ne3 50. c3 c5 51. Rb5 c4 52.
Rxa5 Kf7 53. Rc5 Ke6 54. b4 cxb3 55. axb3 Kf7 56. c4 Ke6 57. Ra5 Kf6 58. c5 Ke6
59. b4 Kd5 60. Ra4 Kc6 61. Ra8 Nd5 62. Kg4 Nxb4 63. Kxf4 Nd3+ 64. Ke4 Nxc5+ 65.
Kd4 Ne6+ 66. Ke5 Kd7 67. Rh8 Nc7 68. Rh7+ Kc6 69. Rh2 Kb7 70. Rb2+ Kc8 71. Kd6
Ne8+ 72. Kc6 Nc7 73. Rh2 Kd8 74. Rf2 Ne8 75. Rf7 Kc8 76. Rh7 Kd8 77. Rd7+ Kc8
78. Re7 Kd8 79. Ra7 Nf6 80. Kc5 Ne4+ 81. Kd4 Nf6 82. Ke5 Nd7+ 83. Kd6 Nb6 84.
Rb7 Nc8+ 85. Ke6 Ke8 86. Rd7 Nb6 87. Rb7 Nc8 88. Rh7 Kd8 89. Rd7+ Ke8 90. Rg7
Kd8 91. Kd5 Ne7+ 92. Ke6 Nc8 93. Kf6 Nd6 94. Ke5 Nb5 95. Rh7 Kc8 96. Kd5 Nc7+
97. Kc6 Ne8 98. Ra7 Kd8 99. Rd7+ Kc8 100. Rh7 Kd8 101. Rf7 Kc8 102. Re7 Kd8
103. Re6 Nc7 104. Rd6+ Kc8 105. Rh6 Kd8 106. Rh7 Ne8 107. Kc5 Nc7 108. Rf7 Na6+
109. Kb5 Nc7+ 110. Kc6 Ne8 111. Rf5 Nc7 112. Ra5 Ne6 113. Kd6 Nc7 114. Ke5 Ke7
1/2-1/2

[Event "ICS rated blitz match"]
[Site "204.178.125.65"]
[Date "2000.03.17"]
[Round "?"]
[White "Hossa"]
[Black "Amateur"]
[Result "1/2-1/2"]
[WhiteElo "2471"]
[BlackElo "2548"]
[PlyCount "121"]

1. e4 e5 2. Nf3 Nc6 3. Bc4 Bc5 4. c3 Nf6 5. d4 exd4 6. cxd4 Bb4+ 7. Bd2 Bxd2+
8. Nbxd2 d5 9. exd5 Nxd5 10. O-O O-O 11. Ne5 Nxe5 12. dxe5 Bf5 13. Qb3 Nb6 14.
Qe3 Nxc4 15. Nxc4 Qd5 16. Qc3 Qc6 17. Rfc1 Be4 18. f3 Bg6 19. Qb4 b6 20. Na5
Qe6 21. Nc6 Rae8 22. Qa4 a5 23. Qd4 f6 24. f4 Qg4 25. Qc4+ Bf7 26. Qe4 Be6 27.
Rf1 Rf7 28. h3 Qh4 29. Qc2 fxe5 30. Nxe5 Rxf4 31. Qc6 Rxf1+ 32. Rxf1 Qd4+ 33.
Rf2 Bf7 34. Qxc7 Bxa2 35. Nf3 Qe3 36. Qd6 Rc8 37. Qe5 Qxe5 38. Nxe5 a4 39. Kh2
Bb3 40. Kg3 Rd8 41. Kh2 Rd1 42. h4 Rd4 43. g3 Rd1 44. g4 Rd6 45. Kg3 b5 46. h5
Rd5 47. Kf4 Rd6 48. Kg3 b4 49. Rf4 Rd5 50. Nc6 Rd3+ 51. Kf2 h6 52. Rxb4 Rd2+
53. Ke3 Rxb2 54. Ne5 Kh7 55. Rb8 a3 56. Ng6 Bg8 57. Nf8+ Kh8 58. Ng6+ Kh7 59.
Nf8+ Kh8 60. Ng6+ Kh7 61. Nf8+ 1/2-1/2

[Event "ICS rated blitz match"]
[Site "204.178.125.65"]
[Date "2000.03.17"]
[Round "?"]
[White "Amateur"]
[Black "Hossa"]
[Result "1-0"]
[WhiteElo "2545"]
[BlackElo "2474"]
[PlyCount "143"]

1. d4 Nf6 2. c4 e6 3. Nc3 Bb4 4. Qc2 O-O 5. Bg5 c5 6. a3 cxd4 7. axb4 dxc3 8.
Qxc3 d5 9. Bxf6 Qxf6 10. Qxf6 gxf6 11. cxd5 Rd8 12. dxe6 fxe6 13. b5 Nd7 14.
Rd1 Kf7 15. e3 b6 16. Be2 Bb7 17. Nf3 Nc5 18. O-O Bd5 19. Nd4 Rac8 20. Ra1 Rd7
21. Rfd1 Kg8 22. Rac1 Rcd8 23. Bg4 f5 24. Be2 Rg7 25. f3 Rgd7 26. Nc6 Nb3 27.
Rb1 Re8 28. e4 fxe4 29. fxe4 Bxe4 30. Rxd7 Bxb1 31. Rxa7 Nc5 32. b4 Ne4 33. Rb7
Nc3 34. Bh5 Rf8 35. Rxb6 Bd3 36. Bf3 Bxb5 37. Nd4 Bc4 38. Nxe6 Bxe6 39. Rxe6
Rd8 40. Rc6 Nb5 41. Rc5 Nd4 42. Bd5+ Kg7 43. Rc7+ Kf6 44. Bc4 h6 45. b5 Rd6 46.
Ra7 Kg6 47. Ra6 Rf6 48. Rxf6+ Kxf6 49. b6 Ke5 50. b7 Nc6 51. Bb5 Nb8 52. Bd3
Kd4 53. Be2 Ke3 54. Bb5 Kd4 55. g4 Kc5 56. Bd3 Kc6 57. Be4+ Kc5 58. Kf2 Kd4 59.
Kf3 Nd7 60. h4 Kc4 61. g5 hxg5 62. hxg5 Kc5 63. g6 Ne5+ 64. Kf4 Nd7 65. g7 Nf6
66. Bf3 Ng8 67. b8=Q Ne7 68. Qc7+ Kb4 69. Qxe7+ Kb5 70. g8=Q Ka5 71. Qgg5+ Kb6
72. Qb7# 1-0

[Event "ICS rated blitz match"]
[Site "204.178.125.65"]
[Date "2000.03.17"]
[Round "?"]
[White "Hossa"]
[Black "Amateur"]
[Result "0-1"]
[WhiteElo "2461"]
[BlackElo "2558"]
[PlyCount "126"]

1. e4 e6 2. d4 d5 3. Nc3 Nf6 4. Bg5 dxe4 5. Nxe4 Be7 6. Bxf6 Bxf6 7. Nf3 O-O 8.
Qd2 Nc6 9. Nxf6+ Qxf6 10. O-O-O Rd8 11. Qe3 Nb4 12. Qd2 c5 13. c3 Nc6 14. Bb5
cxd4 15. Bxc6 bxc6 16. cxd4 Rd5 17. b3 c5 18. Qe3 cxd4 19. Rxd4 Bb7 20. Kb2
Rad8 21. Kc3 R5d6 22. Rhd1 Bxf3 23. gxf3 Rxd4 24. Rxd4 Rxd4 25. Qxd4 Qxf3+ 26.
Kd2 Qa8 27. Qc5 a5 28. Ke3 f5 29. Qe5 Qa7+ 30. Kf3 Kf7 31. Kg2 Qb7+ 32. f3 Qb4
33. Qc7+ Kg6 34. Qe5 Qd2+ 35. Kg3 Kf7 36. Qc7+ Kf6 37. h4 h5 38. f4 Qe3+ 39.
Kg2 Qe2+ 40. Kg1 Qg4+ 41. Kf1 Qd1+ 42. Kf2 Kg6 43. Qe5 Qg4 44. Qxe6+ Kh7 45.
Qe5 Qxh4+ 46. Ke2 Qg4+ 47. Kd3 h4 48. Kc4 h3 49. Kb5 h2 50. Qe1 Qg2 51. Qh4+
Kg6 52. a4 h1=Q 53. Qxh1 Qxh1 54. Kxa5 Qb7 55. b4 Qc7+ 56. Kb5 Qxf4 57. a5 Qe5+
58. Kc4 f4 59. a6 f3 60. a7 f2 61. Kb3 f1=Q 62. Kc2 Qea1 63. b5 Qfd1# 0-1

[Event "ICS rated blitz match"]
[Site "204.178.125.65"]
[Date "2000.03.17"]
[Round "?"]
[White "PostModernist"]
[Black "Hossa"]
[Result "1-0"]
[WhiteElo "2594"]
[BlackElo "2449"]
[PlyCount "44"]

1. d4 Nf6 2. c4 e6 3. Nf3 b6 4. Nc3 Bb7 5. a3 d5 6. cxd5 exd5 7. g3 c5 8. Bg2
Be7 9. O-O Nc6 10. dxc5 bxc5 11. Qc2 d4 12. Na4 Nd7 13. Bh3 Ncb8 14. Bf5 Na6
15. Bxh7 Nc7 16. Bf5 Bxf3 17. exf3 g6 18. Bxg6 Rc8 19. Re1 Nd5 20. Bf5 c4 21.
Qe4 Qa5 22. Bxd7+ Kxd7 1-0

[Event "ICS rated blitz match"]
[Site "204.178.125.65"]
[Date "2000.03.17"]
[Round "?"]
[White "Hossa"]
[Black "PostModernist"]
[Result "0-1"]
[WhiteElo "2439"]
[BlackElo "2604"]
[PlyCount "109"]

1. c4 Nf6 2. Nc3 c5 3. Nf3 d5 4. cxd5 Nxd5 5. e4 Nxc3 6. bxc3 e6 7. Bc4 Nc6 8.
O-O Bd6 9. d4 O-O 10. Rb1 Na5 11. Be2 cxd4 12. cxd4 Re8 13. Bb5 Bd7 14. Bg5 f6
15. Bd2 Nc6 16. d5 exd5 17. exd5 Ne7 18. Qa4 Bxb5 19. Qxb5 b6 20. Rbd1 Rc8 21.
Qb3 Qd7 22. Rfe1 Qg4 23. Re6 Nf5 24. h3 Qg6 25. Qb5 Red8 26. a4 Rc5 27. Qa6
Rxd5 28. Qc4 Ne7 29. Rde1 Qf7 30. Bb4 Bxb4 31. Qxb4 Ng6 32. Qc4 Ne5 33. R6xe5
fxe5 34. Nxe5 Qe6 35. Nd3 Qc8 36. Qb3 Kh8 37. Nf4 Rd2 38. Ne6 Re8 39. Qb4 Qd7
40. Re3 Ra2 41. Ng5 Ra1+ 42. Kh2 Rxa4 43. Rxe8+ Qxe8 44. Qb3 h6 45. Nf7+ Kh7
46. Nd6 Qe5+ 47. g3 Rd4 48. Qc2+ g6 49. Qc7+ Qg7 50. Qd8 b5 51. h4 Rd2 52. Kg2
b4 53. Kg1 b3 54. Qb8 b2 55. Kg2 0-1

[Event "ICS rated blitz match"]
[Site "204.178.125.65"]
[Date "2000.03.17"]
[Round "?"]
[White "Hossa"]
[Black "MissSilicon"]
[Result "0-1"]
[WhiteElo "2430"]
[BlackElo "2683"]
[PlyCount "134"]

1. d4 Nf6 2. c4 g6 3. g3 d5 4. Bg2 Bg7 5. Nf3 dxc4 6. Na3 Nc6 7. Nxc4 Qd5 8.
Ne3 Qb5 9. O-O O-O 10. a4 Qh5 11. Nh4 Rd8 12. Bf3 Qa5 13. Bxc6 bxc6 14. Nhg2 c5
15. d5 c6 16. Bd2 Qa6 17. Rc1 Nxd5 18. Nxd5 Rxd5 19. Nf4 Rd6 20. Qc2 Bf5 21. e4
Bxe4 22. Qxe4 Rxd2 23. Rxc5 Rad8 24. Rxc6 Qb7 25. Re1 e5 26. Nh3 R8d4 27. Qf3
Qd7 28. Ng5 R2d3 29. Qg2 h6 30. Nh3 Rxa4 31. Rc2 Rd2 32. Qa8+ Kh7 33. Rxd2 Qxd2
34. Rb1 Qc2 35. Rf1 g5 36. Kh1 Qxb2 37. Ng1 Qc2 38. Qe8 f6 39. Nf3 Qe4 40. Kg1
Ra3 41. Nd2 Qd3 42. Qe7 Rc3 43. Qxa7 Qxd2 44. Qf7 Rc1 45. Rxc1 Qxc1+ 46. Kg2
Qc6+ 47. Kh3 Qh1 48. f3 Qf1+ 49. Kg4 Qg2 50. Qd7 h5+ 51. Kf5 Qh3+ 52. g4 Qxf3+
53. Ke6 Qxg4+ 54. Ke7 Qxd7+ 55. Kxd7 e4 56. h4 gxh4 57. Kd6 e3 58. Kc6 h3 59.
Kd6 Bf8+ 60. Ke6 e2 61. Kd7 e1=Q 62. Kc7 Qe5+ 63. Kd7 Qd6+ 64. Kc8 h2 65. Kb7
h1=Q+ 66. Ka7 Qc5+ 67. Ka6 Qhc6# 0-1

[Event "ICS rated standard match"]
[Site "204.178.125.65"]
[Date "2000.03.17"]
[Round "?"]
[White "Stabbingwestwar"]
[Black "Hossa"]
[Result "0-1"]
[WhiteElo "2061"]
[BlackElo "2345"]
[PlyCount "29"]

1. e4 e5 2. Nf3 Nc6 3. Bc4 Nf6 4. d3 Be7 5. O-O O-O 6. c3 d6 7. b4 Bg4 8. h3
Bh5 9. a4 Re8 10. Nbd2 a6 11. Bb2 Nd7 12. Bd5 Bg5 13. Qb3 Bf4 14. g3 Bh6 15.
Nh4 0-1

[Event "ICS rated blitz match"]
[Site "204.178.125.65"]
[Date "2000.03.17"]
[Round "?"]
[White "MissSilicon"]
[Black "Hossa"]
[Result "1-0"]
[WhiteElo "2689"]
[BlackElo "2424"]
[PlyCount "131"]

1. e4 c5 2. Nf3 d6 3. d4 cxd4 4. Nxd4 Nf6 5. Nc3 a6 6. Bd3 Nc6 7. Nxc6 bxc6 8.
O-O e5 9. Bc4 Be7 10. Qd3 O-O 11. Rd1 Bg4 12. f3 Be6 13. Be3 Bxc4 14. Qxc4 Qd7
15. Rd2 Rfb8 16. Rad1 a5 17. b3 Rb7 18. a3 Qc7 19. Kf2 Nd7 20. g3 Nb6 21. Qd3
a4 22. b4 Rbb8 23. f4 Nd7 24. Kg1 Rd8 25. h3 Qc8 26. f5 Nf6 27. Bb6 Rd7 28. Qc4
Rb7 29. Be3 Qd8 30. Bc5 Ne8 31. Rd3 Qc7 32. Be3 Qd7 33. R3d2 Bd8 34. Bc5 Bg5
35. Rd3 Be7 36. Kg2 Qc8 37. Bf2 Qc7 38. Be3 Bd8 39. g4 Qd7 40. Bc5 Be7 41. Kg1
Bf8 42. g5 Rc7 43. g6 hxg6 44. fxg6 Qd8 45. Bb6 Qg5+ 46. Kh1 Re7 47. Qxc6 Rb8
48. Rg1 Qf4 49. Nd5 Qxe4+ 50. Kh2 f5 51. Nxe7+ Bxe7 52. Qd7 Qb7 53. Qxf5 Nf6
54. Qe6+ Kh8 55. Rf1 Rc8 56. c4 Rf8 57. c5 dxc5 58. Qxe5 c4 59. Rxf6 Kg8 60.
Qh5 Bd6+ 61. Rfxd6 Qh1+ 62. Kxh1 Rf1+ 63. Kg2 Rg1+ 64. Bxg1 Kf8 65. Qh8+ Ke7
66. Qd8# 1-0

[Event "ICS rated blitz match"]
[Site "204.178.125.65"]
[Date "2000.03.17"]
[Round "?"]
[White "Tinker"]
[Black "Hossa"]
[Result "1-0"]
[WhiteElo "2451"]
[BlackElo "2418"]
[PlyCount "85"]

1. e4 e5 2. d4 exd4 3. Qxd4 Nc6 4. Qd1 Nf6 5. Nc3 Bb4 6. Bg5 Bxc3+ 7. bxc3 h6
8. Bxf6 Qxf6 9. Qf3 Qe7 10. Bd3 O-O 11. Qe3 Ne5 12. Nf3 Qa3 13. Qd2 Nxf3+ 14.
gxf3 Re8 15. O-O Qd6 16. Kh1 Qf6 17. f4 d6 18. Rg1 b6 19. c4 Bg4 20. Qe3 Qb2
21. Qg3 h5 22. f5 b5 23. cxb5 d5 24. f3 dxe4 25. Bxe4 Rad8 26. Rae1 Qb4 27.
fxg4 Rxe4 28. gxh5 g6 29. fxg6 Rxe1 30. gxf7+ Kxf7 31. Qf2+ Ke6 32. Rxe1+ Kd5
33. c4+ Qxc4 34. Qf3+ Kd6 35. Qf6+ Kc5 36. Qc6+ Kb4 37. Rb1+ Kc3 38. Rc1+ Kd2
39. Qxc4 Rd3 40. Kg2 c5 41. Kf2 Rf3+ 42. Kxf3 a6 43. Qc2# 1-0

[Event "ICS rated blitz match"]
[Site "204.178.125.65"]
[Date "2000.03.17"]
[Round "?"]
[White "Hossa"]
[Black "QueenMaxima"]
[Result "1-0"]
[WhiteElo "2404"]
[BlackElo "2483"]
[PlyCount "131"]

1. e4 e5 2. Nf3 Nf6 3. d4 Nxe4 4. Bd3 d5 5. Nxe5 Bd6 6. O-O Bxe5 7. dxe5 Nc5 8.
Nc3 c6 9. Be2 O-O 10. Be3 Ne6 11. Bg4 d4 12. Bxe6 dxe3 13. Bxc8 exf2+ 14. Rxf2
Qxc8 15. Qd4 Na6 16. Ne4 Qe6 17. Ng5 Qe7 18. Qf4 h6 19. Ne4 Nc7 20. Nd6 Ne6 21.
Qg3 Qc7 22. Qg4 Qe7 23. Raf1 Nd8 24. Qf5 c5 25. Qe4 Rb8 26. g3 Qe6 27. a4 b6
28. Rf4 a6 29. b3 Qd7 30. Qd5 Qe7 31. R1f2 a5 32. Rf5 Qd7 33. Rf1 Re8 34. R5f4
Re6 35. Rxf7 Nxf7 36. Rxf7 Qxf7 37. Nxf7 Kxf7 38. Qd7+ Re7 39. Qd6 Ree8 40.
Qc7+ Kg8 41. e6 Kh8 42. Kg2 Rec8 43. Qa7 Rf8 44. e7 Rfe8 45. Qd7 g6 46. g4 Kg7
47. Kf3 Kf7 48. Qc7 Ke6 49. Kf4 Rh8 50. h4 Rhc8 51. Qe5+ Kf7 52. g5 hxg5+ 53.
Kxg5 c4 54. Qf6+ Ke8 55. Qe6 Rc5+ 56. Kxg6 Rc6 57. Qxc6+ Kxe7 58. Qc7+ Ke6 59.
Qxb8 cxb3 60. Qxb6+ Ke7 61. cxb3 Kd7 62. Kf7 Kc8 63. Qa7 Kd8 64. h5 Kc8 65. Ke6
Kd8 66. Qd7# 1-0

[Event "ICS rated blitz match"]
[Site "204.178.125.65"]
[Date "2000.03.17"]
[Round "?"]
[White "QueenMaxima"]
[Black "Hossa"]
[Result "0-1"]
[WhiteElo "2463"]
[BlackElo "2424"]
[PlyCount "112"]

1. d4 Nf6 2. c4 e6 3. Nf3 b6 4. g3 Ba6 5. b3 Bb4+ 6. Bd2 Be7 7. Bc3 d5 8. Bg2
c5 9. dxc5 bxc5 10. h3 Nbd7 11. Nbd2 d4 12. Bb2 Bb7 13. a3 O-O 14. O-O Qc7 15.
Bc1 Ne5 16. Qc2 Bd8 17. Rd1 a5 18. Nxe5 Bxg2 19. Ng6 fxg6 20. Kxg2 e5 21. Nf3
e4 22. Nh2 Qb7 23. Kg1 Qd7 24. h4 Qh3 25. Bf4 Bb6 26. Rab1 Ba7 27. Nf1 Rae8 28.
Ra1 Bb8 29. Bxb8 Rxb8 30. Rdb1 e3 31. f4 Rfe8 32. Qd1 Ne4 33. Qe1 Nf2 34. Qxf2
exf2+ 35. Kxf2 Qe6 36. Ra2 a4 37. b4 Qxc4 38. Rd2 cxb4 39. axb4 Rxb4 40. Ra1
Rb3 41. Raa2 Rc3 42. Nh2 d3 43. exd3 Rxd3 44. Nf1 Rxd2+ 45. Rxd2 Qe4 46. Kg1
Qb1 47. h5 a3 48. hxg6 a2 49. gxh7+ Kxh7 50. Rh2+ Kg8 51. g4 Qb6+ 52. Kg2 a1=Q
53. Rh6 Re2+ 54. Kh3 Qxf1+ 55. Kh4 Qxh6+ 56. Kg3 Qfxf4# 0-1

[Event "ICS rated blitz match"]
[Site "204.178.125.65"]
[Date "2000.03.17"]
[Round "?"]
[White "Hossa"]
[Black "QueenMaxima"]
[Result "1-0"]
[WhiteElo "2442"]
[BlackElo "2445"]
[PlyCount "195"]

1. e4 e5 2. Nf3 Nc6 3. Bc4 Nd4 4. Nxd4 exd4 5. c3 dxc3 6. Nxc3 Nf6 7. O-O d6 8.
d4 Be7 9. e5 dxe5 10. dxe5 Nd7 11. e6 fxe6 12. Bxe6 Nf6 13. Qxd8+ Bxd8 14. Bc4
c5 15. Nb5 Kf8 16. Bf4 Ne8 17. Nd6 Bc7 18. Nf7 Bxf4 19. Nxh8 Nd6 20. Bd5 Be5
21. Rfe1 Bxb2 22. Rab1 Bc3 23. Re3 Bb4 24. Rf3+ Ke7 25. Nf7 Nb5 26. Rb2 Nc3 27.
Bb3 b5 28. Re3+ Kf8 29. Ng5 g6 30. Nxh7+ Kg7 31. Ng5 a5 32. Ne4 Nxe4 33. Bd5
Ra6 34. Rxe4 Rd6 35. Re7+ Kh6 36. Bf3 c4 37. a3 c3 38. Ra2 Rd1+ 39. Bxd1 Bxe7
40. Ra1 Bd7 41. Bc2 Bf8 42. Be4 Be7 43. h3 Kg7 44. Rc1 Bf6 45. Rd1 Be8 46. Rb1
Be5 47. Bc2 Kf6 48. Re1 Bf7 49. h4 Bd6 50. Re3 Be5 51. g4 Bd4 52. g5+ Kg7 53.
Rd3 Be5 54. Rd7 Kf8 55. Ra7 Bd6 56. Rxa5 Be8 57. Ra7 Bc5 58. Rc7 Bd4 59. Bd3
Be5 60. Rc5 Bd4 61. Rd5 Ba7 62. h5 gxh5 63. g6 Bb6 64. Rxh5 Bd4 65. Kf1 Bg7 66.
f4 Ke7 67. Ke2 Kf6 68. Rc5 Ke7 69. Rc7+ Kf8 70. Bc2 Bd4 71. Kf3 Bh8 72. Kg4 Bd4
73. Kg5 Bg7 74. Bb3 c2 75. Bxc2 b4 76. axb4 Bd4 77. Kh6 Bf6 78. Rc8 Ke7 79.
Rxe8+ Kxe8 80. g7 Bh4 81. g8=Q+ Ke7 82. Qg5+ Bxg5+ 83. Kxg5 Ke6 84. Bb3+ Kd6
85. Kf6 Kc6 86. Ke6 Kb5 87. Kd7 Kxb4 88. Bd1 Kc3 89. f5 Kd2 90. Bh5 Ke3 91. f6
Kf4 92. f7 Kg5 93. f8=Q Kxh5 94. Qg8 Kh4 95. Qg2 Kh5 96. Ke7 Kh6 97. Kf6 Kh5
98. Qh3# 1-0

[Event "ICS rated blitz match"]
[Site "204.178.125.65"]
[Date "2000.03.17"]
[Round "?"]
[White "QueenMaxima"]
[Black "Hossa"]
[Result "0-1"]
[WhiteElo "2432"]
[BlackElo "2454"]
[PlyCount "182"]

1. d4 Nf6 2. b4 e6 3. a3 d5 4. Nd2 Bd6 5. c4 dxc4 6. Nxc4 Nbd7 7. Nxd6+ cxd6 8.
a4 O-O 9. Nf3 a5 10. Bf4 e5 11. dxe5 dxe5 12. Nxe5 axb4 13. Nd3 Nd5 14. Bd2 Nc3
15. Qb3 Nf6 16. Qxb4 Ncd5 17. Qc4 Re8 18. Nb4 Re4 19. Qd3 Bf5 20. Nxd5 Nxd5 21.
a5 Ra4 22. Rxa4 Bxd3 23. exd3 b6 24. Be2 bxa5 25. O-O Qe8 26. Re4 Qc6 27. Rc1
Qb5 28. Rec4 Nb6 29. Rc5 Qb2 30. Bf3 Rf8 31. Bxa5 Nd7 32. R5c3 Ne5 33. Be4 Ng4
34. R3c2 Qd4 35. h3 Ne5 36. Rc8 Qb2 37. Rxf8+ Kxf8 38. Rc8+ Ke7 39. Bd8+ Ke6
40. Bxh7 Qb1+ 41. Kh2 g6 42. Bh4 Qb4 43. Bg3 Kd7 44. Ra8 Qb7 45. Ra4 Qb2 46.
Rf4 Kd8 47. d4 g5 48. Rf5 Nc4 49. Rxg5 Qxd4 50. Rg8+ Kd7 51. Ra8 Qd1 52. Bg8
Nd2 53. h4 f5 54. Ra7+ Kc6 55. Rc7+ Kb6 56. Rg7 Nf1+ 57. Kh3 Nd2 58. Rg6+ Kc5
59. Bd6+ Kd4 60. Bh2 Ne4 61. f3 Nf2+ 62. Kg3 Nd3 63. Rd6+ Kc3 64. Rc6+ Kd2 65.
h5 Qa4 66. Rd6 Kc3 67. Rxd3+ Kxd3 68. Bh7 Qd7 69. Bg6 Ke3 70. f4 Ke4 71. Kh3
Qd1 72. Bg3 Qg1 73. Bh2 Qh1 74. Be8 Qd1 75. Bg3 Qa1 76. Bg6 Qh1+ 77. Bh2 Qe1
78. Bg3 Qe2 79. Bf7 Qg4+ 80. Kh2 Qd1 81. Bg6 Qd6 82. Kh3 Qe6 83. Kh4 Qf6+ 84.
Kh3 Qe7 85. Bh4 Qa3+ 86. g3 Qf3 87. Bxf5+ Kxf5 88. Kh2 Kg4 89. Bd8 Qxg3+ 90.
Kh1 Kf3 91. Bh4 Qg2# 0-1

[Event "ICS rated blitz match"]
[Site "204.178.125.65"]
[Date "2000.03.17"]
[Round "?"]
[White "Amateur"]
[Black "Hossa"]
[Result "1-0"]
[WhiteElo "2570"]
[BlackElo "2469"]
[PlyCount "121"]

1. e4 c5 2. Nf3 Nc6 3. Nc3 d6 4. d4 cxd4 5. Nxd4 Nf6 6. Bg5 Bd7 7. Be2 Nxd4 8.
Qxd4 Bc6 9. O-O-O h6 10. Bxf6 gxf6 11. Bb5 h5 12. f4 Bxb5 13. Nxb5 Bh6 14. Rhf1
a6 15. Nc3 Bxf4+ 16. Rxf4 e5 17. Qa4+ b5 18. Qb4 exf4 19. Rxd6 Qc8 20. Nd5 a5
21. Nxf6+ Kf8 22. Qxb5 Rh6 23. Rc6 Qd8 24. Qc5+ Kg7 25. Nxh5+ Rxh5 26. Qxh5 Qd4
27. Qg5+ Kf8 28. Qc5+ Qxc5 29. Rxc5 Ke7 30. h4 Kf6 31. Rf5+ Kg7 32. Rxf4 Kf8
33. Rf5 Ra7 34. h5 Kg7 35. a4 Ra6 36. c4 Rc6 37. b3 Rb6 38. Rb5 Ra6 39. c5 Ra7
40. c6 Kf6 41. e5+ Kg7 42. e6 Rc7 43. Rb6 Re7 44. Ra6 fxe6 45. Rxa5 Rc7 46. Rc5
Kf8 47. g4 Ke7 48. b4 Kd6 49. h6 e5 50. g5 e4 51. g6 e3 52. g7 e2 53. Kd2 Re7
54. Ke1 Re4 55. c7 Rh4 56. c8=Q Rh1+ 57. Kxe2 Rh2+ 58. Kf3 Rg2 59. Rc6+ Ke7 60.
Qc7+ Ke8 61. Re6# 1-0

[Event "ICS rated standard match"]
[Site "204.178.125.65"]
[Date "2000.03.17"]
[Round "?"]
[White "Hossa"]
[Black "Amateur"]
[Result "0-1"]
[WhiteElo "2348"]
[BlackElo "2410"]
[PlyCount "136"]

1. e4 e5 2. Nf3 Nc6 3. Bb5 a6 4. Ba4 Nf6 5. O-O Be7 6. Re1 b5 7. Bb3 O-O 8. c3
d6 9. h3 Nd7 10. d4 Nb6 11. Bd5 Qd7 12. Bxc6 Qxc6 13. dxe5 dxe5 14. Nxe5 Qf6
15. Nf3 Rd8 16. Nbd2 c5 17. e5 Qg6 18. Kh1 Bf5 19. Rg1 Rd5 20. b3 Rad8 21. Qe2
Rd3 22. Bb2 Nd5 23. c4 Nf4 24. Qe1 bxc4 25. Nxc4 Qh5 26. e6 Bxh3 27. exf7+ Kf8
28. Nh2 Rd1 29. Bxg7+ Kxf7 30. Ne5+ Ke8 31. Rxd1 Rxd1 32. gxh3 Rxe1 33. Rxe1
Qxh3 34. Rg1 Qf5 35. a4 Nh3 36. Rg3 Qb1+ 37. Kg2 Nf4+ 38. Kf3 Nh5 39. Kg2 Nxg3
40. fxg3 Qc2+ 41. Kh3 Qf5+ 42. Kg2 Qg5 43. Bh8 Qg8 44. Nhf3 Qxh8 45. Kf2 Qf6
46. Nc4 Qc3 47. Nfd2 Qd3 48. a5 Bd8 49. Ke1 Qxg3+ 50. Kd1 Qc3 51. Nb6 Qxa5 52.
Nbc4 Qa1+ 53. Ke2 Bf6 54. Nd6+ Kd7 55. N6c4 h5 56. Nf3 h4 57. Ncd2 h3 58. Kf2
Qh1 59. Ke3 Bg5+ 60. Nxg5 Qe1+ 61. Kd3 h2 62. Nge4 h1=Q 63. Nxc5+ Kc6 64. Nce4
Qh3+ 65. Kc2 Qa1 66. Ng3 Qxg3 67. Nf3 Qxf3 68. Kd2 Qad1# 0-1

[Event "ICS rated standard match"]
[Site "204.178.125.65"]
[Date "2000.03.17"]
[Round "?"]
[White "Amateur"]
[Black "Hossa"]
[Result "1/2-1/2"]
[WhiteElo "2423"]
[BlackElo "2335"]
[PlyCount "105"]

1. e4 c5 2. Nf3 e6 3. d4 cxd4 4. Nxd4 Nf6 5. Nc3 d6 6. g4 h6 7. g5 hxg5 8. Bxg5
Nc6 9. Qd2 Be7 10. O-O-O Nxd4 11. Qxd4 a6 12. e5 dxe5 13. Qxe5 Bd7 14. Bg2 Ng4
15. Bxe7 Nxe5 16. Bxd8 Kxd8 17. Bxb7 Ra7 18. Bg2 Rc7 19. Rd6 a5 20. h4 Ng6 21.
Ra6 Rh5 22. Bf3 Rhc5 23. h5 Ne5 24. Be2 Bc6 25. Rg1 Bb7 26. Rb6 Bf3 27. Bxf3
Nxf3 28. Rg3 Nh4 29. Rxg7 Rxh5 30. Rb5 Nf5 31. Rg1 Ra7 32. Rb8+ Kc7 33. Rgg8
Rh1+ 34. Kd2 Nd6 35. Nb5+ Nxb5 36. Rxb5 Ra1 37. a3 Kd6 38. c4 a4 39. Rgg5 Ke7
40. c5 Rd7+ 41. Ke2 Rc1 42. Rg4 Rc2+ 43. Ke3 Rdd2 44. Rb7+ Kf6 45. Rf4+ Ke5 46.
Re4+ Kf6 47. Rxa4 Re2+ 48. Kd3 Red2+ 49. Ke4 Re2+ 50. Kd4 Red2+ 51. Ke4 Re2+
52. Kd4 Red2+ 53. Ke4 1/2-1/2

[Event "ICS rated blitz match"]
[Site "204.178.125.65"]
[Date "2000.03.17"]
[Round "?"]
[White "Hossa"]
[Black "QueenMaxima"]
[Result "1-0"]
[WhiteElo "2458"]
[BlackElo "2425"]
[PlyCount "83"]

1. Nf3 Nf6 2. g3 d5 3. Bg2 c6 4. O-O Bf5 5. d3 e6 6. c4 Nbd7 7. cxd5 exd5 8.
Nc3 Be7 9. Bf4 Nc5 10. Nd4 Bg6 11. Qc2 Qb6 12. Nf3 d4 13. Nxd4 Nxd3 14. exd3
Qxd4 15. Be4 Nxe4 16. dxe4 Bh5 17. Be3 Qd8 18. f3 Qb8 19. Rad1 Bg6 20. Ne2 f6
21. Nf4 Bf7 22. b3 Qc8 23. Bc5 Bd8 24. Qd2 b6 25. Bd6 a5 26. Rc1 Qb7 27. Qc2
Rc8 28. Rfd1 Bg8 29. Qe2 b5 30. Bc5 Bc7 31. Nh5 Be5 32. f4 Bb8 33. Rd4 Be6 34.
f5 Bg8 35. Qg4 Be5 36. Nxg7+ Kf7 37. Rd2 Bxg3 38. Ne6 Bxh2+ 39. Kh1 Bd6 40.
Qh5+ Ke7 41. Bxd6+ Kd7 42. Bc5# 1-0

[Event "ICS rated blitz match"]
[Site "204.178.125.65"]
[Date "2000.03.17"]
[Round "?"]
[White "Hossa"]
[Black "Amateur"]
[Result "0-1"]
[WhiteElo "2472"]
[BlackElo "2581"]
[PlyCount "68"]

1. d4 Nf6 2. c4 e6 3. Nc3 Bb4 4. Qc2 c5 5. dxc5 O-O 6. Nf3 Bxc5 7. Bg5 h6 8.
Bxf6 Qxf6 9. a3 Na6 10. Rd1 Be7 11. e3 d6 12. Bd3 Kh8 13. b4 Bd7 14. O-O Bc6
15. Ne4 Bxe4 16. Bxe4 Rab8 17. Qa4 Rfc8 18. Bxb7 Rxb7 19. Qxa6 Rbc7 20. Nd4
Rxc4 21. Qxa7 R4c7 22. Qa4 d5 23. Nb5 Rc4 24. Qa7 Rc2 25. e4 dxe4 26. Qb7 R8c4
27. g3 e3 28. fxe3 Qg5 29. Qa8+ Rc8 30. Qa7 Qh5 31. h3 Qe2 32. Rd2 Qxd2 33. Rf2
Qxf2+ 34. Kh1 Rc1# 0-1

[Event "ICS rated blitz match"]
[Site "204.178.125.65"]
[Date "2000.03.17"]
[Round "?"]
[White "Tinker"]
[Black "Hossa"]
[Result "1-0"]
[WhiteElo "2468"]
[BlackElo "2461"]
[PlyCount "149"]

1. e4 e5 2. d4 exd4 3. Qxd4 Nc6 4. Qd1 Nf6 5. Nc3 Bb4 6. Bg5 Bxc3+ 7. bxc3 h6
8. Bxf6 Qxf6 9. Qf3 Qe7 10. Qe3 O-O 11. Bd3 d6 12. Nf3 Bg4 13. O-O Bxf3 14.
Qxf3 Qg5 15. Qh3 Rab8 16. Rfb1 Ne5 17. Bb5 a6 18. Bf1 f5 19. exf5 d5 20. Be2
Qd2 21. Bf3 c6 22. Re1 Rbe8 23. Be2 Rf6 24. Rad1 Qf4 25. Bh5 Re7 26. Re3 Rxf5
27. Rf1 Rf8 28. Re2 g6 29. Bg4 Rfe8 30. Bc8 c5 31. Re3 a5 32. Rb1 Rf7 33. Rf1
d4 34. cxd4 cxd4 35. Ree1 Rfe7 36. Rb1 Qf7 37. f4 Nc4 38. Bxb7 Rxb7 39. Rxb7
Qxb7 40. Qxh6 Qb6 41. f5 Rf8 42. Qxg6+ Qxg6 43. fxg6 Rxf1+ 44. Kxf1 Kg7 45. Ke2
Ne5 46. h4 Kxg6 47. g3 Kf5 48. Kf1 Kg4 49. Kf2 Nc6 50. Ke2 Nb4 51. a4 Nxc2 52.
Kd3 Ne3 53. Kxd4 Nf5+ 54. Kc5 Kxg3 55. Kb6 Kg4 56. Kxa5 Kh5 57. Kb6 Ne3 58. Kc5
Ng2 59. a5 Nf4 60. a6 Ne6+ 61. Kb6 Kg4 62. a7 Nf4 63. a8=Q Kf5 64. Qc8+ Ke4 65.
h5 Nd5+ 66. Kc5 Nf4 67. h6 Nd3+ 68. Kb5 Ne5 69. h7 Kf4 70. h8=Q Nf3 71. Qch3
Ng1 72. Qd4+ Kg5 73. Qg7+ Kf4 74. Qhg4+ Ke3 75. Q7d4# 1-0